00955nam a2200181Ia 4500008004100000020001800041082002400059245021100083250002500294260002500319300000900344500004600353650004100399700008800440952011400528952011400642999001700756120622s9999 xx 000 0 und d a968-23-1042-3 aC 320.03 D545d 2000 aDiccionario de política / dir. de Norberto Bobbio, Nicola Matteucci y Gianfranco Pasquino ; redactores de la ed. en español José Aricó, Martí Soler y Jorge Tula ; tr. de Raúl Crisafio...[et al.] a12 / rev. y ampliada aMéxico : Siglo XXI a2 v. aTítulo original: Dizionario di politica a1. CIENCIAS POLITICAS - DICCIONARIOS aBobbio, Norberto ; dir. \ Matteucci, Nicola ; dir. \ Pasquino, Gianfranco ; dir.Ì 00104070a01b01d2007-01-25l46m1oC 320.03 D545D 2000p01 005234r2019-10-23s2019-10-23w2012-06-24yLB 00104070a01b01d2007-01-25l73m1oC 320.03 D545D 2000p01 005235r2023-06-29s2023-06-20w2012-06-24yLB c55684d55684